[Event "Palmira op-B"]
[Site "Palmira"]
[Date "2022.12.18"]
[Round "8"]
[White "Salazar Grisales, Juan Jose"]
[Black "Borrero, Alexander"]
[Result "0-1"]
[WhiteElo "1827"]
[BlackElo "1988"]
[PlyCount "66"]
[EventDate "2022.12.14"]
[EventType "swiss"]
[EventRounds "8"]
[EventCountry "COL"]
[SourceTitle "CBM 211 Extra"]
[Source "ChessBase"]
[SourceDate "2023.01.31"]
[SourceVersion "1"]
[SourceVersionDate "2023.01.31"]
[SourceQuality "1"]

1. d4 g6 2. Nf3 d5 3. c4 c6 4. Nc3 Nf6 5. Qb3 Bg7 6. cxd5 cxd5 7. Bf4 0-0 8. Rc1 Nc6 9. e3 Nh5 10. Bg5 h6 11. Bh4 g5 12. Bg3 Nxg3 13. hxg3 e5 14. dxe5 d4 15. Rd1 Bg4 16. Qxb7 Nxe5 17. Rxd4 Nxf3+ 18. gxf3 Bxd4 19. exd4 Rb8 20. Qa6 Re8+ 21. Be2 Bxf3 22. Rxh6 Rb6 23. Rxb6 axb6 24. Qd3 Bxe2 25. Nxe2 Qd5 26. Kd2 Kg7 27. a3 Re7 28. g4 Qe6 29. f3 f6 30. b3 Qd6 31. a4 Qb4+ 32. Kc2 Qe1 33. Nc1 Rc7+ 0-1

[Event "Palmira op-B"]
[Site "Palmira"]
[Date "2022.12.16"]
[Round "4"]
[White "Franco, Jhonier"]
[Black "Salazar Grisales, Juan Jose"]
[Result "0-1"]
[WhiteElo "1900"]
[BlackElo "1827"]
[PlyCount "152"]
[EventDate "2022.12.14"]
[EventType "swiss"]
[EventRounds "8"]
[EventCountry "COL"]
[SourceTitle "CBM 211 Extra"]
[Source "ChessBase"]
[SourceDate "2023.01.31"]
[SourceVersion "1"]
[SourceVersionDate "2023.01.31"]
[SourceQuality "1"]

1. e4 c5 2. b4 cxb4 3. a3 d5 4. axb4 dxe4 5. Nc3 Nf6 6. Bc4 e6 7. Nge2 Bxb4 8. 0-0 0-0 9. Bb2 Qc7 10. d3 Nbd7 11. Nb5 Qb6 12. Ng3 a6 13. Na3 e3 14. Nh5 exf2+ 15. Kh1 Be7 16. Bb3 Nxh5 17. Qxh5 Bf6 18. Nc4 Qc5 19. Qf3 Bxb2 20. Nxb2 Ne5 21. Qe4 f5 22. Qf4 Ng4 23. h3 Rf6 24. d4 Qc3 25. Na4 Qc6 26. Rad1 Qe4 27. Qg3 Ne3 28. Nc5 Nxf1 29. Qxf2 Qe3 30. Qxf1 b6 31. Rd3 Qh6 32. Na4 Bb7 33. Nxb6 Rd8 34. d5 e5 35. Nc4 e4 36. Rd1 f4 37. Ne5 Qg5 38. Ng4 Rf5 39. c4 f3 40. Re1 fxg2+ 41. Qxg2 Rf3 42. Bd1 Qh4 43. Rxe4 Rxh3+ 44. Kg1 Rf8 45. Nh2 Rf2 46. Qxf2 Qxe4 47. Bf3 Qxc4 48. Bg4 Qc1+ 49. Nf1 Qg5 50. Qg2 Rh5 51. Qe2 h6 52. Qe8+ Kh7 53. Qxh5 Qxh5 54. Bxh5 Bxd5 55. Ne3 Be6 56. Be2 a5 57. Bd3+ g6 58. Bc2 Kg7 59. Kf2 Kf6 60. Kf3 h5 61. Ke4 g5 62. Kd4 g4 63. Ng2 Kg5 64. Ke5 Bd7 65. Kd4 Bc6 66. Ne3 h4 67. Ke5 h3 68. Nf1 Bg2 69. Ng3 h2 70. Bf5 a4 71. Be6 a3 72. Ba2 h1Q 73. Nxh1 Bxh1 74. Kd4 Kf4 75. Kd3 Bf3 76. Be6 g3 0-1

[Event "COL-ch U18 final"]
[Site "Medellin"]
[Date "2021.06.17"]
[Round "2"]
[White "Soto, Miguel Angel"]
[Black "Salazar Grisales, Juan Jose"]
[Result "1-0"]
[WhiteElo "2371"]
[BlackElo "1849"]
[PlyCount "91"]
[EventDate "2021.06.16"]
[EventType "swiss"]
[EventRounds "7"]
[EventCountry "COL"]
[SourceTitle "EXT 2022"]
[Source "ChessBase"]
[SourceDate "2021.10.06"]
[SourceVersion "1"]
[SourceVersionDate "2021.10.06"]
[SourceQuality "1"]

1. e4 c5 2. Nf3 e6 3. d4 cxd4 4. Nxd4 a6 5. Nc3 Qc7 6. Bd3 Nc6 7. Be3 Nf6 8. 0-0 Nxd4 9. Bxd4 Bc5 10. Bxc5 Qxc5 11. Qe1 d6 12. Na4 Qc7 13. f4 Bd7 14. Nc3 Bc6 15. Kh1 e5 16. Bc4 b5 17. Bb3 0-0 18. Rd1 a5 19. a3 Rab8 20. Qh4 Qe7 21. Qe1 b4 22. axb4 Rxb4 23. Nd5 Bxd5 24. exd5 e4 25. Qc3 e3 26. Rde1 Re8 27. Rf3 e2 28. h3 Ne4 29. Qd3 a4 30. Bc4 Qc7 31. b3 axb3 32. cxb3 Nc5 33. Rxe2 Reb8 34. Qc3 h6 35. Rg3 f5 36. Qf6 Ne4 37. Qe6+ Kh8 38. Rge3 Rf8 39. g4 Qa7 40. gxf5 Nc5 41. Qxd6 Rxf5 42. Re8+ Kh7 43. Qd8 Qa1+ 44. Kh2 Rb7 45. Rg2 g5 46. Qc8 1-0

[Event "Pereira op-B"]
[Site "Pereira"]
[Date "2021.02.28"]
[Round "6"]
[White "Lopez Ramirez, Daniel Giovanny"]
[Black "Salazar Grisales, Juan Jose"]
[Result "0-1"]
[WhiteElo "1843"]
[BlackElo "1823"]
[PlyCount "59"]
[EventDate "2021.02.25"]
[EventType "swiss"]
[EventRounds "7"]
[EventCountry "COL"]
[SourceTitle "EXT 2022"]
[Source "ChessBase"]
[SourceDate "2021.10.06"]
[SourceVersion "1"]
[SourceVersionDate "2021.10.06"]
[SourceQuality "1"]

1. e4 c5 2. Nf3 a6 3. c3 d5 4. d3 Nc6 5. Be2 e5 6. Nbd2 Nf6 7. 0-0 Be7 8. exd5 Nxd5 9. Nc4 Qc7 10. d4 exd4 11. cxd4 0-0 12. dxc5 Rd8 13. Nd6 Bxd6 14. cxd6 Rxd6 15. Qa4 Bf5 16. Bf4 Nxf4 17. Qxf4 Bg6 18. Rac1 Re8 19. Rfe1 Qd8 20. Bf1 Rxe1 21. Rxe1 h6 22. Qa4 Rf6 23. Ne5 Qb6 24. Ng4 Rd6 25. Qf4 Qd4 26. Re8+ Kh7 27. Qxd4 Rxd4 28. f3 f5 29. Rc8 fxg4 30. fxg4 0-1

[Event "Pereira Risaraldense Cup-D"]
[Site "Pereira"]
[Date "2021.01.23"]
[Round "6"]
[White "Salazar Grisales, Juan Jose"]
[Black "Galvis, Augusto"]
[Result "1-0"]
[WhiteElo "1811"]
[BlackElo "1783"]
[PlyCount "85"]
[EventDate "2021.01.20"]
[EventType "tourn"]
[EventRounds "9"]
[EventCountry "COL"]
[SourceTitle "CBM 200 Extra"]
[Source "ChessBase"]
[SourceDate "2021.03.31"]
[SourceVersion "1"]
[SourceVersionDate "2021.03.31"]
[SourceQuality "1"]

1. d4 d5 2. c4 e6 3. Nf3 Nf6 4. g3 Nc6 5. Bg2 Be7 6. 0-0 0-0 7. Nc3 b6 8. a3 Bb7 9. Qc2 h6 10. Rd1 a6 11. b3 Bd6 12. cxd5 exd5 13. Bf4 Re8 14. e3 Kh8 15. Bxd6 Qxd6 16. b4 Qd7 17. Rdc1 b5 18. Ne2 Re7 19. Nf4 Rae8 20. Nd3 Ne4 21. Nd2 Nxf2 22. Kxf2 Rxe3 23. Ne5 Nxe5 24. dxe5 R3xe5 25. Re1 c6 26. Rxe5 Rxe5 27. Nf3 Re4 28. Nh4 Rc4 29. Qf5 Qxf5+ 30. Nxf5 Bc8 31. Ne3 Rc3 32. Ra2 Be6 33. Nd1 Rc4 34. Rd2 Rc1 35. Ne3 Ra1 36. Nc2 Ra2 37. Ke2 g6 38. Nd4 Rxa3 39. Nxc6 Rb3 40. Bxd5 Bxd5 41. Rxd5 Rc3 42. Rc5 Ra3 43. Rc2 1-0

[Event "COL-ch U2000"]
[Site "Villamaria"]
[Date "2019.11.02"]
[Round "2"]
[White "Campos Gomez, Manuel"]
[Black "Salazar Grisales, Juan Jose"]
[Result "1-0"]
[WhiteElo "1892"]
[BlackElo "1801"]
[PlyCount "61"]
[EventDate "2019.11.01"]
[EventType "swiss"]
[EventRounds "7"]
[EventCountry "COL"]
[SourceTitle "CBM 193 Extra"]
[Source "ChessBase"]
[SourceDate "2020.01.31"]
[SourceVersion "1"]
[SourceVersionDate "2020.01.31"]
[SourceQuality "1"]

1. Nf3 Nf6 2. b3 d5 3. e3 e6 4. Be2 Bd6 5. d4 0-0 6. 0-0 b6 7. Bb2 Ne4 8. c4 Bb7 9. Nbd2 Nd7 10. Ne5 f5 11. f3 Nxd2 12. Qxd2 a5 13. Bd3 Nxe5 14. dxe5 Bc5 15. Bd4 Bb4 16. Qc2 Ba6 17. Rfd1 Qe7 18. cxd5 Bxd3 19. Rxd3 exd5 20. Qc6 Rfd8 21. Rc1 Rac8 22. Qb7 Qd7 23. Rc6 Re8 24. Rd1 Re6 25. Rdc1 Rxc6 26. Rxc6 f4 27. e6 Qd8 28. exf4 Bc5 29. Bxc5 bxc5 30. Rxc5 Rb8 31. Rxd5 1-0

[Event "COL pre olympic sf2"]
[Site "Palmira"]
[Date "2019.05.31"]
[Round "4"]
[White "Salazar Grisales, Juan Jose"]
[Black "Navia Coy, Robinson"]
[Result "1-0"]
[WhiteElo "1899"]
[BlackElo "1552"]
[PlyCount "45"]
[EventDate "2019.05.29"]
[EventType "swiss"]
[EventRounds "10"]
[EventCountry "COL"]
[SourceTitle "CBM 190 Extra"]
[Source "ChessBase"]
[SourceDate "2019.07.15"]
[SourceVersion "1"]
[SourceVersionDate "2019.07.15"]
[SourceQuality "1"]

1. c4 e5 2. g3 f5 3. Bg2 Nf6 4. d3 Bb4+ 5. Bd2 Bxd2+ 6. Qxd2 0-0 7. e3 c6 8. Ne2 d5 9. 0-0 Be6 10. b3 Na6 11. Rd1 Qb6 12. Nbc3 Nc5 13. Rab1 Rad8 14. b4 Ncd7 15. b5 e4 16. Nf4 Bf7 17. bxc6 Qxc6 18. cxd5 Nxd5 19. Nfxd5 Bxd5 20. Nxd5 Qxd5 21. dxe4 Qxd2 22. Rxd2 fxe4 23. Rbd1 1-0

[Event "COL-chT Interligas"]
[Site "Palmira"]
[Date "2019.04.29"]
[Round "6.3"]
[White "Benavides, Christian Camilo"]
[Black "Salazar Grisales, Juan Jose"]
[Result "1-0"]
[WhiteElo "1872"]
[BlackElo "1600"]
[PlyCount "83"]
[EventDate "2019.04.27"]
[EventType "team-swiss"]
[EventRounds "6"]
[EventCountry "COL"]
[SourceTitle "CBM 190 Extra"]
[Source "ChessBase"]
[SourceDate "2019.07.15"]
[SourceVersion "1"]
[SourceVersionDate "2019.07.15"]
[SourceQuality "1"]
[WhiteTeam "Narino"]
[BlackTeam "Valle Carlos Cuartas IV"]
[WhiteTeamCountry "COL"]
[BlackTeamCountry "COL"]

1. e4 c5 2. Nf3 Nc6 3. d3 e6 4. g3 g6 5. Bg2 Bg7 6. 0-0 Nge7 7. Nbd2 0-0 8. h4 d5 9. Re1 Qc7 10. Nf1 b5 11. Bf4 e5 12. Be3 d4 13. Bd2 a5 14. Qc1 f6 15. Bh6 Rf7 16. Bxg7 Rxg7 17. Qh6 Nb4 18. Rec1 Be6 19. a3 Na6 20. h5 Kf7 21. hxg6+ hxg6 22. Bh3 Bxh3 23. Qxh3 Qd6 24. g4 Qe6 25. Kg2 c4 26. g5 Qxh3+ 27. Kxh3 Nc5 28. Rd1 Na4 29. Rab1 Rc8 30. N1h2 fxg5 31. dxc4 bxc4 32. Ng4 Nc6 33. Ngxe5+ Nxe5 34. Nxe5+ Ke6 35. Nf3 Rb7 36. Rxd4 Nc3 37. Nxg5+ Kf6 38. Rg1 Rxb2 39. Rd6+ Ke5 40. Re6+ Kd4 41. Nf3+ Kc5 42. Rg5+ 1-0

[Event "COL-chT Interligas"]
[Site "Palmira"]
[Date "2019.04.29"]
[Round "5.3"]
[White "Salazar Grisales, Juan Jose"]
[Black "Gomez Barrero, Sergio"]
[Result "1/2-1/2"]
[WhiteElo "1600"]
[BlackElo "2034"]
[PlyCount "101"]
[EventDate "2019.04.27"]
[EventType "team-swiss"]
[EventRounds "6"]
[EventCountry "COL"]
[SourceTitle "CBM 190 Extra"]
[Source "ChessBase"]
[SourceDate "2019.07.15"]
[SourceVersion "1"]
[SourceVersionDate "2019.07.15"]
[SourceQuality "1"]
[WhiteTeam "Valle Carlos Cuartas IV"]
[BlackTeam "Caqueta"]
[WhiteTeamCountry "COL"]
[BlackTeamCountry "COL"]

1. c4 Nf6 2. Nc3 e5 3. g3 Bc5 4. Bg2 c6 5. e3 Qe7 6. d3 0-0 7. Nge2 d6 8. 0-0 a6 9. a3 Bg4 10. b4 Bb6 11. Bb2 Rd8 12. d4 exd4 13. exd4 d5 14. cxd5 Nxd5 15. Nxd5 cxd5 16. Re1 Qf6 17. Qd2 Bf3 18. Qf4 Qxf4 19. Nxf4 Bxg2 20. Kxg2 Nc6 21. Rad1 Bc7 22. Nd3 Bd6 23. Re2 Re8 24. Rde1 Rxe2 25. Rxe2 Kf8 26. Kf3 Re8 27. Rxe8+ Kxe8 28. Ke2 b6 29. Ne1 Kd7 30. Kd3 Ke6 31. Ng2 g5 32. h3 h5 33. g4 hxg4 34. hxg4 Ne7 35. Bc1 f6 36. f4 gxf4 37. Bxf4 b5 38. Bxd6 Kxd6 39. Ke3 Nc6 40. Kd3 Nb8 41. Nh4 Nd7 42. Nf5+ Ke6 43. Ng7+ Kf7 44. Nf5 Nb6 45. Ne3 Ke6 46. Ke2 Nc4 47. Nc2 f5 48. Kf3 Nd2+ 49. Kf4 fxg4 50. Kxg4 Nb3 51. Kg5 1/2-1/2